[Event "HUN Youth Ch U14 Boys Final"]
[Site "?"]
[Date "2013.06.25"]
[Round "5.2"]
[White "Ugroczky, Peter"]
[Black "Buzas, Bertalan"]
[Result "0-1"]
[WhiteElo "1889"]
[BlackElo "1845"]
[PlyCount "116"]
[EventDate "2013.??.??"]

1. e4 e5 2. Nf3 Nc6 3. Bc4 Bc5 4. c3 Nf6 5. d4 exd4 6. O-O Nxe4 7. cxd4 d5 8.
dxc5 dxc4 9. Qe2 Qd3 10. Re1 f5 11. Nbd2 O-O 12. Nxe4 fxe4 13. Qxe4 Bf5 14. Qh4
Rad8 15. Bf4 Rd7 16. Ne5 Nxe5 17. Bxe5 Qd5 18. Qg3 Qxc5 19. Kh1 Bg6 20. f4 Rd3
21. Qg4 Rf5 22. Rad1 Qd5 23. h3 Qd7 24. Rc1 Bh5 25. Qh4 Bd1 26. Bxc7 Qxc7 27.
Rcxd1 Rxf4 28. Qh5 Rxd1 29. Rxd1 g6 30. Qb5 Rf8 31. Kg1 Qf7 32. Qc5 b6 33. Qd4
b5 34. Re1 a6 35. Qh4 Re8 36. Rf1 Qe7 37. Qg4 Qe6 38. Qd1 Qe3+ 39. Kh1 Qe6 40.
Qd4 Rf8 41. Rd1 Qf6 42. Qd2 Kg7 43. Re1 Rf7 44. a4 bxa4 45. Rc1 Qe5 46. Kg1
Qc5+ 47. Kh1 Qe5 48. Kg1 Rf4 49. Rd1 a3 50. bxa3 c3 51. Qc1 Rd4 52. Re1 Qc5 53.
Kh2 Rd2 54. Re7+ Kg8 55. Qe1 Qd6+ 56. Kh1 Rd1 57. Re8+ Kg7 58. Re7+ Kh6 0-1

[Event "HUN Youth Ch U14 Boys Final"]
[Site "Balatonlelle"]
[Date "2013.06.25"]
[Round "5.3"]
[White "Gledura, Benjamin"]
[Black "Marosi, Levente"]
[Result "1-0"]
[WhiteElo "2421"]
[BlackElo "2037"]
[PlyCount "91"]
[EventDate "2013.??.??"]

1. e4 c5 2. Nf3 d6 3. d4 cxd4 4. Nxd4 Nf6 5. Nc3 a6 6. g3 g6 7. Bg2 Bg7 8. O-O
O-O 9. Nce2 Bd7 10. c4 Nc6 11. b3 Rc8 12. Bb2 Nxd4 13. Nxd4 b5 14. cxb5 axb5
15. Qd2 Qb6 16. Rfe1 Ng4 17. h3 Ne5 18. Kh2 Nc6 19. Nxc6 Bxc6 20. Bxg7 Kxg7 21.
a4 Bb7 22. a5 Qa7 23. Rac1 Rxc1 24. Rxc1 Rd8 25. Rc7 e5 26. Qe3 Qxe3 27. fxe3
Ba8 28. b4 Kf6 29. h4 Ke6 30. a6 d5 31. Bh3+ f5 32. exf5+ gxf5 33. Rxh7 d4 34.
Rh6+ Kf7 35. exd4 exd4 36. Bxf5 d3 37. Rh7+ Kf6 38. Rd7 Rxd7 39. Bxd7 Bf3 40.
Bxb5 d2 41. Ba4 d1=Q 42. Bxd1 Bxd1 43. a7 Bf3 44. g4 Ke5 45. Kg3 Bd5 46. h5 1-0

[Event "HUN Youth Ch U14 Boys Final"]
[Site "?"]
[Date "2013.06.25"]
[Round "5.4"]
[White "Peczely, Sebastian Zsombor"]
[Black "Bege, Levente"]
[Result "1-0"]
[WhiteElo "2147"]
[BlackElo "1815"]
[PlyCount "45"]
[EventDate "2013.??.??"]

1. e4 c5 2. Nf3 d6 3. d4 cxd4 4. Nxd4 Nf6 5. Nc3 a6 6. Qe2 e5 7. Nf5 Nc6 8. Bg5
Bxf5 9. exf5 Nd4 10. Qd3 Be7 11. Bxf6 Bxf6 12. O-O-O Rc8 13. Kb1 b5 14. g4 Be7
15. f4 O-O 16. Qe4 Nxc2 17. f6 Na3+ 18. bxa3 Bxf6 19. Nd5 exf4 20. Qf5 Be5 21.
Bd3 g6 22. Qxc8 Qa5 23. Qc2 1-0

[Event "HUN Youth Ch U14 Boys Final"]
[Site "?"]
[Date "2013.06.25"]
[Round "5.5"]
[White "Szilassi, Abel"]
[Black "Gorcsi, Gabor"]
[Result "1-0"]
[WhiteElo "1828"]
[BlackElo "1958"]
[PlyCount "81"]
[EventDate "2013.??.??"]

1. e4 c5 2. Nf3 d6 3. d4 cxd4 4. Nxd4 Nf6 5. Nc3 g6 6. Be3 Bg7 7. f3 O-O 8. Qd2
Nc6 9. O-O-O d5 10. exd5 Nxd5 11. Nxc6 bxc6 12. Nxd5 cxd5 13. Qxd5 Qc7 14. Qc5
Qb7 15. Qa3 Rb8 16. b3 Bf5 17. Bd3 Rfc8 18. Bxf5 gxf5 19. Rd3 Qc7 20. c4 Qe5
21. Rhd1 Qa1+ 22. Kc2 Qe5 23. g3 Qf6 24. f4 e5 25. fxe5 Qxe5 26. Bd4 Qe2+ 27.
R1d2 Qe1 28. Qc1 Qe4 29. Bxg7 Kxg7 30. Qb2+ Kg8 31. Qd4 Qe6 32. Qf4 Qf6 33. Rd4
a5 34. g4 a4 35. gxf5 axb3+ 36. axb3 Qb6 37. Qg3+ Kh8 38. Qc3 Kg8 39. Rg4+ Kf8
40. Qh8+ Ke7 41. Re4+ 1-0

[Event "HUN Youth Ch U14 Boys Final"]
[Site "?"]
[Date "2013.06.26"]
[Round "6.1"]
[White "Ruck, Robert"]
[Black "Gorcsi, Gabor"]
[Result "1/2-1/2"]
[WhiteElo "2055"]
[BlackElo "1958"]
[PlyCount "62"]
[EventDate "2013.??.??"]

1. e4 c5 2. Nf3 d6 3. Bb5+ Bd7 4. Bxd7+ Qxd7 5. c4 Nc6 6. d4 cxd4 7. Nxd4 g6 8.
Nc3 Bg7 9. Be3 Nf6 10. f3 O-O 11. O-O Rac8 12. b3 Rfd8 13. Qd2 e6 14. Rad1 d5
15. cxd5 exd5 16. exd5 Nxd5 17. Nxc6 bxc6 18. Nxd5 cxd5 19. Bg5 f6 20. Be3 f5
21. Bg5 Re8 22. Qxd5+ Qxd5 23. Rxd5 Re2 24. Rfd1 Rxa2 25. h4 h6 26. Be3 Rcc2
27. Rd8+ Kh7 28. R1d2 Rxd2 29. Bxd2 a5 30. Rd7 Kg8 31. Kf1 a4 1/2-1/2

[Event "HUN Youth Ch U14 Boys Final"]
[Site "?"]
[Date "2013.06.26"]
[Round "6.2"]
[White "Bege, Levente"]
[Black "Szilassi, Abel"]
[Result "0-1"]
[WhiteElo "1815"]
[BlackElo "1828"]
[PlyCount "80"]
[EventDate "2013.??.??"]

1. e4 e6 2. d4 d5 3. Nc3 Bb4 4. e5 Ne7 5. a3 Bxc3+ 6. bxc3 b6 7. Qg4 Ng6 8. h4
h5 9. Qg3 Ba6 10. Bxa6 Nxa6 11. Ne2 Qd7 12. a4 Nb8 13. Nf4 Nxf4 14. Bxf4 g6 15.
Bg5 Nc6 16. Bf6 Rh7 17. Qg5 Ne7 18. O-O Ng8 19. a5 Qc6 20. Ra3 b5 21. f4 Qd7
22. c4 dxc4 23. d5 Qxd5 24. f5 Qd4+ 25. Kh1 Qg4 26. fxg6 fxg6 27. Qd2 Rd7 28.
Qb4 Nxf6 29. exf6 Qxh4+ 30. Rh3 Qg5 31. f7+ Rxf7 32. Rxf7 Kxf7 33. Rf3+ Kg8 34.
Qe1 Re8 35. Qe4 Kg7 36. Qd4+ e5 37. Qd5 Qe7 38. Qe4 Rf8 39. Rg3 Rf6 40. Rg5
Rf1+ 0-1

[Event "HUN Youth Ch U14 Boys Final"]
[Site "?"]
[Date "2013.06.26"]
[Round "6.3"]
[White "Marosi, Levente"]
[Black "Peczely, Sebastian Zsombor"]
[Result "1/2-1/2"]
[WhiteElo "2037"]
[BlackElo "2147"]
[PlyCount "42"]
[EventDate "2013.??.??"]

1. e4 e5 2. Nf3 Nc6 3. Bb5 a6 4. Ba4 Nf6 5. O-O Be7 6. Re1 b5 7. Bb3 O-O 8. h3
d6 9. c3 Na5 10. Bc2 c5 11. d4 Qc7 12. Nbd2 Nc6 13. d5 Nd8 14. a4 Rb8 15. axb5
axb5 16. b4 Nb7 17. Nf1 Bd7 18. Ng3 c4 19. Be3 Rfc8 20. Ra3 Qd8 21. Qd2 Ra8
1/2-1/2

[Event "HUN Youth Ch U14 Boys Final"]
[Site "?"]
[Date "2013.06.26"]
[Round "6.4"]
[White "Buzas, Bertalan"]
[Black "Gledura, Benjamin"]
[Result "0-1"]
[WhiteElo "1845"]
[BlackElo "2421"]
[PlyCount "114"]
[EventDate "2013.??.??"]

1. e4 c5 2. Nf3 Nc6 3. g3 g6 4. d4 cxd4 5. Nxd4 Bg7 6. Ne2 Nf6 7. Bg2 O-O 8.
O-O d6 9. h3 Bd7 10. Nbc3 Rc8 11. Nd5 b5 12. Bg5 Nxd5 13. exd5 Na5 14. c3 h6
15. Be3 Nc4 16. Qc1 Nxe3 17. Qxe3 a5 18. Nd4 Re8 19. Nc6 Bxc6 20. dxc6 Qc7 21.
Rfe1 e6 22. Re2 Bf8 23. Rae1 d5 24. Qd3 Qxc6 25. f4 Rcd8 26. Kh2 Bg7 27. Bf3
Rd7 28. Rd2 Red8 29. Qe2 Qb6 30. Red1 Rc7 31. Qf2 Qb8 32. Qe3 Rdc8 33. a3 b4
34. cxb4 axb4 35. Qb3 bxa3 36. Qxb8 Rxb8 37. bxa3 Rb3 38. Rd3 Rcc3 39. Rxc3
Rxc3 40. Kg2 Rxa3 41. Rd2 Rb3 42. Kf2 Rb2 43. Rxb2 Bxb2 44. Ke3 Kf8 45. Kd3 Ke7
46. Bd1 f6 47. Bb3 Kd6 48. g4 Bc1 49. f5 gxf5 50. gxf5 e5 51. Ke2 e4 52. Ba4
Ke5 53. Bd7 d4 54. Be6 d3+ 55. Kd1 Bg5 56. Bc8 Kd4 57. Ba6 e3 0-1

[Event "HUN Youth Ch U14 Boys Final"]
[Site "?"]
[Date "2013.06.26"]
[Round "6.5"]
[White "Czupor, Attila"]
[Black "Ugroczky, Peter"]
[Result "1-0"]
[WhiteElo "1939"]
[BlackElo "1889"]
[PlyCount "63"]
[EventDate "2013.??.??"]

1. e4 c5 2. Nf3 d6 3. c3 Nf6 4. g3 g6 5. Bg2 Bg7 6. O-O O-O 7. Re1 Bg4 8. Qb3
Qc7 9. e5 c4 10. Qa3 Nfd7 11. exd6 exd6 12. d3 cxd3 13. Nd4 Nc5 14. Be3 a6 15.
Nb5 axb5 16. Qxa8 Nba6 17. Qa7 Rb8 18. Nd2 Qd8 19. Ne4 Ra8 20. Bg5 f6 21. Nxf6+
Bxf6 22. Bxf6 d2 23. Rf1 Qc8 24. Qb6 Qe6 25. f3 Bf5 26. Bg5 Bd3 27. Rfd1 Re8
28. Rxd2 Qf5 29. Bf4 d5 30. b4 Na4 31. Qxb7 Qf6 32. Rxd3 1-0

[Event "HUN Youth Ch U14 Boys Final"]
[Site "?"]
[Date "2013.06.27"]
[Round "7.1"]
[White "Ugroczky, Peter"]
[Black "Ruck, Robert"]
[Result "0-1"]
[WhiteElo "1889"]
[BlackElo "2055"]
[PlyCount "88"]
[EventDate "2013.??.??"]

1. e4 c5 2. Nf3 e6 3. d4 cxd4 4. Nxd4 a6 5. g3 Qc7 6. Bg2 Nf6 7. O-O Be7 8. Qe2
d6 9. c4 Nbd7 10. b3 O-O 11. Bb2 Rb8 12. f4 Re8 13. Kh1 Bf8 14. Nd2 e5 15. Nf5
g6 16. Ne3 Bg7 17. f5 Bh6 18. Rad1 b5 19. Ba3 b4 20. Bb2 Qa5 21. Ra1 Qb6 22.
Nc2 Kg7 23. Bc1 Nc5 24. g4 Bb7 25. h4 Bf4 26. Rxf4 exf4 27. Bb2 Re5 28. Rf1 Qa5
29. a4 bxa3 30. Bxe5 dxe5 31. b4 Qa4 32. Rc1 Nb3 33. Nxb3 Qxb3 34. Bf3 a2 35.
g5 Nxe4 36. Bxe4 Qb1 37. Rg1 a1=Q 38. Nxa1 Qxe4+ 39. Qxe4 Bxe4+ 40. Kh2 Bxf5
41. c5 Rxb4 42. Rg2 Rc4 43. Nb3 Rc3 44. Rb2 Bc2 0-1

[Event "HUN Youth Ch U14 Boys Final"]
[Site "?"]
[Date "2013.06.27"]
[Round "7.2"]
[White "Gledura, Benjamin"]
[Black "Czupor, Attila"]
[Result "1-0"]
[WhiteElo "2421"]
[BlackElo "1939"]
[PlyCount "81"]
[EventDate "2013.??.??"]

1. e4 e5 2. Nf3 Nc6 3. Bb5 Nge7 4. c3 a6 5. Ba4 g6 6. d4 exd4 7. cxd4 Bg7 8. d5
b5 9. Bb3 Na5 10. Bd2 Nxb3 11. Qxb3 d6 12. Bc3 O-O 13. O-O c5 14. dxc6 Be6 15.
Qc2 Rc8 16. Bxg7 Kxg7 17. Nd4 Bc4 18. Re1 Nxc6 19. Nxc6 Rxc6 20. b3 Qf6 21. e5
dxe5 22. bxc4 Rxc4 23. Qb2 Rfc8 24. Na3 Rd4 25. Re2 Rcd8 26. Rae1 Rd1 27. Nb1
R8d4 28. Qc2 Rxe1+ 29. Rxe1 Qd6 30. h3 b4 31. Re2 e4 32. Rd2 Rxd2 33. Nxd2 f5
34. Nb3 Kh6 35. Qe2 Kg5 36. Qe3+ Kf6 37. g3 g5 38. Kg2 h6 39. g4 fxg4 40. hxg4
Qc6 41. Qe2 1-0

[Event "HUN Youth Ch U14 Boys Final"]
[Site "?"]
[Date "2013.06.27"]
[Round "7.3"]
[White "Peczely, Sebastian Zsombor"]
[Black "Buzas, Bertalan"]
[Result "1-0"]
[WhiteElo "2147"]
[BlackElo "1845"]
[PlyCount "73"]
[EventDate "2013.??.??"]

1. e4 e5 2. Nf3 Nc6 3. Bc4 Bc5 4. c3 Nf6 5. d3 d6 6. h3 h6 7. O-O O-O 8. Be3
Bb6 9. Re1 Be6 10. Bb3 Re8 11. Ba4 Bxe3 12. fxe3 a6 13. c4 Rb8 14. Nc3 Nd7 15.
d4 exd4 16. exd4 b5 17. cxb5 axb5 18. Bxb5 Na7 19. Bd3 Nf8 20. b3 Ng6 21. Qd2
Nh4 22. Rf1 c5 23. d5 Bd7 24. Qf4 Nxf3+ 25. Rxf3 Qe7 26. Raf1 Rf8 27. Rg3 Kh8
28. Rff3 Nb5 29. Rxg7 Kxg7 30. Rg3+ Qg5 31. Rxg5+ hxg5 32. Qxg5+ Kh8 33. Qh6+
Kg8 34. e5 f5 35. exf6 Rf7 36. Nxb5 Bxb5 37. Bf5 1-0

[Event "HUN Youth Ch U14 Boys Final"]
[Site "?"]
[Date "2013.06.27"]
[Round "7.4"]
[White "Szilassi, Abel"]
[Black "Marosi, Levente"]
[Result "1/2-1/2"]
[WhiteElo "1828"]
[BlackElo "2037"]
[PlyCount "68"]
[EventDate "2013.??.??"]

1. e4 c5 2. Nf3 d6 3. d4 cxd4 4. Nxd4 Nf6 5. Nc3 a6 6. Bc4 e6 7. Bb3 Nbd7 8.
O-O Nc5 9. f4 Ncxe4 10. Nxe4 Nxe4 11. f5 e5 12. Nf3 Nc5 13. Bxf7+ Kxf7 14.
Nxe5+ Kg8 15. Qd5+ Be6 16. fxe6 dxe5 17. Rxf8+ Kxf8 18. Qxc5+ Qe7 19. Qxe5 Re8
20. Bh6 Kg8 21. Qg3 Qf6 22. Bd2 Qxe6 23. Kh1 Qg6 24. Qb3+ Qf7 25. Qd3 h6 26.
Rf1 Qe6 27. Bc3 h5 28. Qg3 Qg4 29. Qc7 b5 30. Qf7+ Kh7 31. Bxg7 Qxg7 32. Qxh5+
Qh6 33. Qf7+ Qg7 34. Qh5+ Qh6 1/2-1/2

[Event "HUN Youth Ch U14 Boys Final"]
[Site "?"]
[Date "2013.06.27"]
[Round "7.5"]
[White "Gorcsi, Gabor"]
[Black "Bege, Levente"]
[Result "1/2-1/2"]
[WhiteElo "1958"]
[BlackElo "1815"]
[PlyCount "44"]
[EventDate "2013.??.??"]

1. d4 d5 2. c4 e6 3. Nc3 Nf6 4. cxd5 exd5 5. Bg5 c6 6. e3 Bf5 7. Qb3 Nbd7 8.
Nf3 Qb6 9. Qxb6 axb6 10. Be2 Bb4 11. O-O O-O 12. Rfc1 Bxc3 13. Rxc3 Ne4 14.
Rcc1 Nxg5 15. Nxg5 b5 16. Nf3 h6 17. Ne1 Ra5 18. Bd3 Bxd3 19. Nxd3 Rfa8 20. a3
Nb6 21. Rc2 Nc4 22. Rac1 R5a7 1/2-1/2

[Event "HUN Youth Ch U14 Boys Final"]
[Site "?"]
[Date "2013.06.28"]
[Round "8.1"]
[White "Ruck, Robert"]
[Black "Bege, Levente"]
[Result "1-0"]
[WhiteElo "2055"]
[BlackElo "1815"]
[PlyCount "91"]
[EventDate "2013.??.??"]

1. e4 c5 2. Nf3 d6 3. Bb5+ Bd7 4. Bxd7+ Qxd7 5. c4 Nc6 6. d4 cxd4 7. Nxd4 Nf6
8. Nc3 e6 9. O-O Be7 10. Be3 O-O 11. Qe2 a6 12. Rad1 Qc7 13. b3 Qa5 14. Rc1
Rfd8 15. Rfd1 Rac8 16. f3 h6 17. Qf2 Qh5 18. Nde2 Nd7 19. Na4 Qg6 20. Nb6 Nxb6
21. Bxb6 Rd7 22. Rc2 Bd8 23. Rcd2 Bxb6 24. Qxb6 Ne5 25. Kf2 Rc6 26. Qb4 Qf6 27.
h3 Qe7 28. a3 Qh4+ 29. Kf1 Qe7 30. f4 Ng6 31. g3 e5 32. f5 Nf8 33. Nc3 Nh7 34.
Nd5 Qd8 35. Kg2 Nf6 36. Kf3 Ne8 37. a4 Nf6 38. a5 Nxd5 39. Rxd5 Qc7 40. Qd2 Rc5
41. Rxd6 Rxd6 42. Qxd6 Qxa5 43. Qb8+ Kh7 44. Rd8 g5 45. Rh8+ Kg7 46. Qf8+ 1-0

[Event "HUN Youth Ch U14 Boys Final"]
[Site "?"]
[Date "2013.06.28"]
[Round "8.2"]
[White "Marosi, Levente"]
[Black "Gorcsi, Gabor"]
[Result "1-0"]
[WhiteElo "2037"]
[BlackElo "1958"]
[PlyCount "67"]
[EventDate "2013.??.??"]

1. e4 c5 2. Nf3 d6 3. d4 cxd4 4. Nxd4 Nf6 5. Nc3 g6 6. Be3 Bg7 7. f3 O-O 8. Bc4
Nc6 9. Qd2 Bd7 10. O-O-O Qa5 11. Bb3 Ne5 12. Kb1 Rfc8 13. h4 Nc4 14. Bxc4 Rxc4
15. Nb3 Qc7 16. Bd4 Be6 17. h5 a5 18. hxg6 hxg6 19. Be3 a4 20. Nd4 Rxd4 21.
Bxd4 b5 22. a3 b4 23. axb4 Qc4 24. b5 Rb8 25. b6 Qc6 26. g4 Ra8 27. g5 Nh5 28.
Bxg7 Kxg7 29. Qd4+ Kg8 30. Nd5 Qd7 31. Nf4 Ng7 32. Rh6 a3 33. Rdh1 f6 34. Rh8+
1-0

[Event "HUN Youth Ch U14 Boys Final"]
[Site "?"]
[Date "2013.06.28"]
[Round "8.3"]
[White "Buzas, Bertalan"]
[Black "Szilassi, Abel"]
[Result "1/2-1/2"]
[WhiteElo "1845"]
[BlackElo "1828"]
[PlyCount "125"]
[EventDate "2013.??.??"]

1. e4 e6 2. d3 c5 3. Nd2 Nc6 4. g3 g6 5. Bg2 Bg7 6. Ngf3 d6 7. O-O Nge7 8. Nb3
O-O 9. c3 e5 10. d4 cxd4 11. cxd4 Bg4 12. d5 Nb8 13. h3 Bxf3 14. Bxf3 Nd7 15.
Bd2 f5 16. Bb4 Nf6 17. Qd3 Bh6 18. Rae1 Qd7 19. Kg2 Rac8 20. Na5 Rfd8 21. b3 b5
22. Nc6 Nxc6 23. dxc6 Qxc6 24. exf5 e4 25. Bxe4 Nxe4 26. Qxe4 gxf5 27. Qxc6
Rxc6 28. Re6 Bg7 29. Rd1 Kf7 30. Rexd6 Rcxd6 31. Rxd6 Rxd6 32. Bxd6 Ke6 33. Bc5
a5 34. Kf3 Bh6 35. Be3 Bg7 36. Ke2 Kd5 37. Kd3 h5 38. a4 bxa4 39. bxa4 Bf8 40.
Bd2 Bc5 41. Bxa5 Bxf2 42. Bc7 h4 43. gxh4 Bxh4 44. a5 Kc6 45. Bb6 Kb5 46. Ke3
Bg5+ 47. Kf3 Ka6 48. Be3 Bd8 49. Bd2 Bh4 50. Kf4 Kb5 51. Kxf5 Ka6 52. Kg4 Bf2
53. h4 Bxh4 54. Kxh4 Kb5 55. Kg5 Ka6 56. Kf6 Kb5 57. Ke7 Kc6 58. Kd8 Kb7 59.
Bc3 Kb8 60. Be5+ Kb7 61. Bc7 Ka7 62. Kc8 Ka8 63. a6 1/2-1/2

[Event "HUN Youth Ch U14 Boys Final"]
[Site "?"]
[Date "2013.06.28"]
[Round "8.4"]
[White "Czupor, Attila"]
[Black "Peczely, Sebastian Zsombor"]
[Result "0-1"]
[WhiteElo "1939"]
[BlackElo "2147"]
[PlyCount "110"]
[EventDate "2013.??.??"]

1. e4 e5 2. Nc3 Nc6 3. g3 Bc5 4. Bg2 d6 5. Nge2 a6 6. h3 Be6 7. O-O h5 8. d3 h4
9. g4 g5 10. Nd5 Nd4 11. c3 Nxe2+ 12. Qxe2 c6 13. Ne3 Qf6 14. Nf5 Bxf5 15. exf5
Ne7 16. Be3 Bxe3 17. fxe3 Rd8 18. e4 O-O 19. Rad1 c5 20. Qe3 Nc6 21. Rd2 b5 22.
a3 a5 23. Rb1 Qe7 24. Bf3 Rb8 25. Bd1 f6 26. Bb3+ Kg7 27. Bd5 Rfc8 28. Bxc6
Rxc6 29. Ra1 a4 30. Rc2 Rcb6 31. Kg2 R8b7 32. Qf2 Qe8 33. Rac1 Qc6 34. Qe3 d5
35. d4 cxd4 36. cxd4 Qd6 37. dxe5 Qxe5 38. Re1 d4 39. Qd3 b4 40. Rd1 bxa3 41.
bxa3 Rb3 42. Qxd4 Qg3+ 43. Kh1 Qxh3+ 44. Rh2 Qf3+ 45. Kg1 Qxg4+ 46. Rg2 Qxd1+
47. Qxd1 Rb1 48. Rd2 g4 49. Kf2 Rxd1 50. Rxd1 Kh6 51. Rd4 Kg5 52. Rxa4 Rb2+ 53.
Kg1 g3 54. Rb4 Ra2 55. a4 h3 0-1

[Event "HUN Youth Ch U14 Boys Final"]
[Site "?"]
[Date "2013.06.28"]
[Round "8.5"]
[White "Ugroczky, Peter"]
[Black "Gledura, Benjamin"]
[Result "0-1"]
[WhiteElo "1889"]
[BlackElo "2421"]
[PlyCount "58"]
[EventDate "2013.??.??"]

1. e4 c6 2. d4 d5 3. Nd2 dxe4 4. Nxe4 Bf5 5. Ng3 Bg6 6. h4 h6 7. Nf3 Nd7 8. h5
Bh7 9. Bd3 Bxd3 10. Qxd3 e6 11. Bd2 Ngf6 12. O-O-O Be7 13. Rde1 O-O 14. Ne4
Nxe4 15. Qxe4 Nf6 16. Qf4 c5 17. Qg3 Kh8 18. dxc5 Qd5 19. Kb1 Ne4 20. Qf4 Nxd2+
21. Qxd2 Qxc5 22. g4 Bf6 23. Reg1 Rad8 24. Qe3 Qb4 25. Ne5 Bg5 26. c3 Qa4 27.
Qf3 Rd2 28. Ng6+ Kg8 29. Nxf8 Qc2+ 0-1

[Event "HUN Youth Ch U14 Boys Final"]
[Site "?"]
[Date "2013.06.29"]
[Round "9.1"]
[White "Gledura, Benjamin"]
[Black "Ruck, Robert"]
[Result "1-0"]
[WhiteElo "2421"]
[BlackElo "2055"]
[PlyCount "51"]
[EventDate "2013.??.??"]

1. e4 c5 2. Nf3 e6 3. g3 d5 4. exd5 exd5 5. d4 Bg4 6. Bg2 Qe7+ 7. Be3 Nc6 8.
O-O c4 9. Nc3 Qd7 10. Qe1 Be7 11. b3 cxb3 12. axb3 Bf5 13. Ne5 Nxe5 14. dxe5
Bb4 15. Bd2 Bxc3 16. Bxc3 Bxc2 17. Qd2 Bxb3 18. Qg5 Kf8 19. Rfb1 Bc4 20. Bb4+
Ne7 21. Bh3 Qd8 22. Bxe7+ Qxe7 23. Qxe7+ Kxe7 24. Rxb7+ Ke8 25. e6 d4 26. Rbxa7
1-0

[Event "HUN Youth Ch U14 Boys Final"]
[Site "?"]
[Date "2013.06.29"]
[Round "9.2"]
[White "Peczely, Sebastian Zsombor"]
[Black "Ugroczky, Peter"]
[Result "1-0"]
[WhiteElo "2147"]
[BlackElo "1889"]
[PlyCount "77"]
[EventDate "2013.??.??"]

1. e4 c5 2. Nf3 d6 3. d4 cxd4 4. Nxd4 Nf6 5. Nc3 Nc6 6. f3 e5 7. Nb3 Be6 8. Be3
Be7 9. Qd2 O-O 10. O-O-O a5 11. Bb5 Na7 12. Bxa7 Rxa7 13. Kb1 Bd7 14. a4 Be6
15. g4 Qc7 16. h4 Rd8 17. h5 d5 18. g5 d4 19. gxf6 dxc3 20. Qf2 Raa8 21. fxe7
Qxe7 22. Qc5 Qxc5 23. Nxc5 cxb2 24. Nxe6 fxe6 25. Kxb2 Kf7 26. Be2 Rd4 27. Rxd4
exd4 28. f4 Kf6 29. e5+ Kf7 30. Bf3 Rd8 31. Be4 h6 32. Rd1 Rd7 33. Kb3 Ke7 34.
c3 dxc3 35. Rxd7+ Kxd7 36. Kxc3 Kc7 37. Kc4 b6 38. Kb5 Kd7 39. Kxb6 1-0

[Event "HUN Youth Ch U14 Boys Final"]
[Site "?"]
[Date "2013.06.29"]
[Round "9.3"]
[White "Szilassi, Abel"]
[Black "Czupor, Attila"]
[Result "1/2-1/2"]
[WhiteElo "1828"]
[BlackElo "1939"]
[PlyCount "58"]
[EventDate "2013.??.??"]

1. e4 e5 2. Nf3 Nc6 3. d4 exd4 4. Nxd4 Nf6 5. Nc3 Bb4 6. Nxc6 bxc6 7. Bd3 d5 8.
exd5 cxd5 9. O-O O-O 10. Bg5 Bb7 11. Qf3 h6 12. Bh4 Re8 13. Qf5 Bc8 14. Qf3 c6
15. Bxf6 Qxf6 16. Qxf6 gxf6 17. Ne2 c5 18. Nf4 Re5 19. c3 Ba5 20. Bb5 Rb8 21.
Bc6 Ba6 22. Rfd1 Rxb2 23. Nxd5 Kg7 24. Re1 Rxa2 25. Ne3 Rxa1 26. Rxa1 c4 27.
Bd5 Bb6 28. Rxa6 Bxe3 29. Bxc4 Bb6 1/2-1/2

[Event "HUN Youth Ch U14 Boys Final"]
[Site "?"]
[Date "2013.06.29"]
[Round "9.4"]
[White "Gorcsi, Gabor"]
[Black "Buzas, Bertalan"]
[Result "0-1"]
[WhiteElo "1958"]
[BlackElo "1845"]
[PlyCount "136"]
[EventDate "2013.??.??"]

1. d4 g6 2. c4 Bg7 3. Nc3 c5 4. d5 Bxc3+ 5. bxc3 f5 6. Qc2 Qa5 7. f3 d6 8. e4
fxe4 9. fxe4 Nd7 10. Nf3 Nb6 11. h3 Qa4 12. Qb3 Nf6 13. Bd3 e5 14. O-O O-O 15.
Bh6 Bd7 16. Bxf8 Rxf8 17. g4 Kg7 18. Qxa4 Bxa4 19. Nd2 Re8 20. Rf2 Re7 21. Raf1
Nbd7 22. Nf3 h6 23. Nh4 Re8 24. Ng2 Re7 25. Ne3 Re8 26. h4 Re7 27. Kh2 Kg8 28.
Rg1 Kh7 29. Kg2 Kg7 30. Kf1 Kg8 31. h5 Rg7 32. hxg6 Rxg6 33. Nf5 Kh8 34. Rfg2
Bd1 35. g5 Bf3 36. gxf6 Bxg2+ 37. Rxg2 Rxf6 38. Ke1 Nf8 39. Nh4 Kh7 40. Be2 Ng6
41. Nxg6 Rxg6 42. Bg4 Kg7 43. Kf2 Rg5 44. Bf5 Rxg2+ 45. Kxg2 Kf6 46. Kg3 Kg5
47. Be6 h5 48. Bh3 b6 49. a3 h4+ 50. Kf3 Kh5 51. a4 a5 52. Bd7 Kg5 53. Be6 Kh5
54. Bf7+ Kg5 55. Be8 h3 56. Kg3 h2 57. Kxh2 Kf4 58. Bg6 Ke3 59. Kg3 Kd3 60. Kg4
Kxc4 61. Kf5 Kxc3 62. Be8 c4 63. Bb5 Kd4 64. Bxc4 Kxc4 65. Ke6 Kc5 66. Kd7 b5
67. axb5 a4 68. Kc7 Kxb5 0-1

[Event "HUN Youth Ch U14 Boys Final"]
[Site "?"]
[Date "2013.06.29"]
[Round "9.5"]
[White "Bege, Levente"]
[Black "Marosi, Levente"]
[Result "1-0"]
[WhiteElo "1815"]
[BlackElo "2037"]
[PlyCount "67"]
[EventDate "2013.??.??"]

1. e4 c5 2. Nf3 d6 3. d4 cxd4 4. Nxd4 Nf6 5. Nc3 a6 6. Bg5 Nbd7 7. Bc4 e6 8.
Qd2 b5 9. Bb3 h6 10. Bxf6 Nxf6 11. f3 Be7 12. Nc6 Qc7 13. Nxe7 Kxe7 14. O-O-O
Bb7 15. Rhe1 Qc5 16. Kb1 Rhd8 17. g4 a5 18. a4 b4 19. Nb5 Ba6 20. Nd4 Rac8 21.
h4 g6 22. Qxh6 Rh8 23. Qg5 e5 24. Nb5 Bxb5 25. axb5 Qxb5 26. Rd5 Qb6 27. Red1
Rcd8 28. f4 Qe3 29. Rxe5+ dxe5 30. Qxe5+ Kf8 31. Rxd8+ Kg7 32. Rxh8 a4 33. Bxa4
Qg1+ 34. Ka2 1-0

[Event "HUN Youth Ch U16 Boys Final"]
[Site "?"]
[Date "2013.06.21"]
[Round "1.2"]
[White "Csati, Oliver"]
[Black "Grimm, Gyorgy"]
[Result "1/2-1/2"]
[WhiteElo "2016"]
[BlackElo "2009"]
[PlyCount "51"]
[EventDate "2013.??.??"]

1. Nf3 d5 2. g3 c5 3. c4 Nf6 4. Bg2 Nc6 5. cxd5 Nxd5 6. b3 e5 7. Bb2 f6 8. O-O
Be6 9. d3 Be7 10. Nbd2 Qd7 11. Rc1 O-O 12. Ne4 b6 13. Nc3 Rac8 14. h4 Rfd8 15.
Qd2 Nxc3 16. Bxc3 Rc7 17. Rfd1 Qc8 18. Qb2 Bg4 19. Rd2 Bf8 20. Rdc2 g6 21. Kh2
Bh6 22. Bd2 Bg7 23. Bc3 Bh6 24. Bd2 Bg7 25. Bc3 Bh6 26. Bd2 1/2-1/2

[Event "HUN Youth Ch U16 Boys Final"]
[Site "?"]
[Date "2013.06.21"]
[Round "1.3"]
[White "Dankhazi, Andras"]
[Black "Kiss, Peter"]
[Result "1-0"]
[WhiteElo "2186"]
[BlackElo "2018"]
[PlyCount "141"]
[EventDate "2013.??.??"]

1. d4 c5 2. d5 g6 3. e4 Bg7 4. Nf3 e5 5. Nc3 d6 6. Bb5+ Nd7 7. a4 a6 8. Be2 Ne7
9. Nd2 f5 10. Nc4 Nf6 11. Bg5 Nxe4 12. Nxe4 fxe4 13. Bg4 Qc7 14. Bxe7 Qxe7 15.
Nb6 Bxg4 16. Qxg4 Rd8 17. Qxe4 O-O 18. g3 Qf6 19. O-O Qf5 20. Rae1 Bh6 21. Re2
Qxe4 22. Rxe4 Rf3 23. Kg2 Rdf8 24. Nc4 R3f6 25. a5 R8f7 26. f3 Kf8 27. h4 Ke7
28. Nb6 Kd8 29. Nc4 Kd7 30. c3 Rf8 31. b3 Rf5 32. Rf2 g5 33. Ne3 R5f7 34. h5
Bg7 35. Nc4 Bf6 36. Kh3 Bd8 37. Kg4 h6 38. b4 cxb4 39. cxb4 Bc7 40. Re3 Rf4+
41. gxf4 Rxf4+ 42. Kg3 Rxc4 43. Re4 Rc1 44. Ree2 Rd1 45. Kg4 Ke7 46. Kf5 Kf7
47. Rc2 Bd8 48. Rc8 Be7 49. Rc7 Rd4 50. f4 gxf4 51. Rxb7 Rxd5 52. Rc2 e4+ 53.
Kxe4 Re5+ 54. Kxf4 Ke6 55. b5 axb5 56. Ra2 Rf5+ 57. Ke3 Bg5+ 58. Kd3 Rf3+ 59.
Kc2 Rf2+ 60. Kb3 Rf3+ 61. Kb4 Rf4+ 62. Kxb5 Rf5+ 63. Kb4 Rf4+ 64. Kc3 Rf3+ 65.
Kd4 Rf4+ 66. Kd3 Rf3+ 67. Ke2 Rh3 68. Ra4 Rc3 69. a6 Rc2+ 70. Kd3 Rd2+ 71. Kc3
1-0

[Event "HUN Youth Ch U16 Boys Final"]
[Site "?"]
[Date "2013.06.21"]
[Round "1.4"]
[White "Laza, Szabolcs"]
[Black "Nagybiro, Laszlo"]
[Result "1-0"]
[WhiteElo "1968"]
[BlackElo "1841"]
[PlyCount "85"]
[EventDate "2013.??.??"]

1. d4 d5 2. c4 e6 3. cxd5 exd5 4. Nc3 Nf6 5. Bg5 Be7 6. Nf3 O-O 7. Qc2 h6 8.
Bh4 Be6 9. e3 c5 10. Be2 Nc6 11. O-O Rc8 12. Rfd1 cxd4 13. Nxd4 Nxd4 14. Rxd4
Ne4 15. Bxe7 Qxe7 16. Bf3 Nxc3 17. bxc3 Rc5 18. Qb3 Rfc8 19. Rc1 Qc7 20. g3
Rxc3 21. Qxc3 Qxc3 22. Rxc3 Rxc3 23. Bxd5 Bxd5 24. Rxd5 Kf8 25. Rd7 Rc1+ 26.
Kg2 Rb1 27. h4 Ke8 28. Rc7 a5 29. a4 Rb4 30. Kf3 b6 31. Rb7 g5 32. e4 Kf8 33.
hxg5 hxg5 34. Kg4 Rxa4 35. Kf5 Kg7 36. e5 Ra2 37. f4 gxf4 38. gxf4 Rb2 39. e6
a4 40. Rxf7+ Kg8 41. Ra7 b5 42. Ra8+ Kg7 43. e7 1-0